00373nam a22001337a 4500003000400000005001700004008004100021040002300062050001200085082002900097100002400126245004400150260004500194OSt20211122092044.0211122b |||||||| |||| 00| 0 eng d cHawassa university a664/NIC 2Seventh editiona664/NIC aNicholls john ralph aAids to the analysis of food and derugs aLondonbBailliere, tindall and coxc1952